| 000 | 01075cam a2200313 i 4500 | ||
|---|---|---|---|
| 001 | 015588596 | ||
| 003 | EG-ScBUE | ||
| 005 | 20260302102245.0 | ||
| 008 | 100624s2011 enka f b 001 0 eng d | ||
| 020 | _a9780080967103 (pbk.) | ||
| 020 | _a0080967108 (pbk.) | ||
| 040 |
_aStDuBDS _beng _erda _cStDuBDS _dUk _dEG-ScBUE |
||
| 082 | 0 | 4 |
_a551.9 _222 _bISO |
| 245 | 0 | 0 |
_aIsotope geochemistry : _bfrom the Treatise on geochemistry / _ceditors H. D. Holland, K. K. Turekian. |
| 250 | _aFirst edition. | ||
| 264 | 1 |
_aLondon : _bAcademic Press / Elsevier, _c2011. |
|
| 300 |
_ax, 739 pages : _billustrations (some color) ; _c27 cm |
||
| 336 |
_2rdacontent _atext _btxt |
||
| 337 |
_2rdamedia _aunmediated _bn |
||
| 338 |
_2rdacarrier _avolume _bnc |
||
| 504 | _aIncludes bibliographical references and index. | ||
| 650 | 7 |
_aIsotope geology. _2BUEsh _93296 |
|
| 650 | 7 |
_aGeochemistry. _2BUEsh _94582 |
|
| 653 |
_bENGGEN _cJuly2015 _cJanuary2016 |
||
| 655 | _vReading book | ||
| 700 | 1 |
_aHolland, Heinrich D. _eeditor. |
|
| 700 | 1 |
_aTurekian, Karl K. _eeditor. |
|
| 942 |
_2ddc _cBB |
||
| 999 |
_c20123 _d20095 |
||